[Event "ACT Open"]
[Site "Amsterdam NED"]
[Date "2004.07.24"]
[Round "8"]
[White "Sokolov,I"]
[Black "Willemze,T"]
[Result "1-0"]
[WhiteElo "2679"]
[BlackElo "2283"]

1.d4 Nf6 2.Nf3 e6 3.c4 c5 4.d5 exd5 5.cxd5 g6 6.Nc3 d6 7.h3 a6 8.a4 Qe7 9.Bf4 Bg7
10.Nd2 O-O 11.Nc4 Rd8 12.e3 Ne8 13.Bd3 Nd7 14.O-O Ne5 15.Nb6 Rb8 16.e4 Nd7
17.Nc4 Ne5 18.Bxe5 Bxe5 19.Nxe5 dxe5 20.Qd2 Bd7 21.Qe3 Rdc8 22.b3 Nd6 23.Rfc1 Rc7
24.Nb1 Rbc8 25.a5 c4 26.bxc4 Nxc4 27.Rxc4 Rxc4 28.Bxc4 Rxc4 29.Nd2 Rc2 30.Nf3 Qb4
31.Ra3 Re2 32.Qxe2 Qxa3 33.Qd2 f6 34.Ne1 Qc5 35.Kh2 b6 36.axb6 Qxb6 37.Nd3 a5
38.Qc3 Kf7 39.Qa3 a4 40.Nc5 Qd6 41.Qb4 Ke7 42.Qa5 f5 43.Nb7 Qb8 44.Nc5 Qd6
45.f3 Be8 46.Nb7 Qd7 47.d6+ Kf6 48.Qb6 Qc6 49.Qd8+ Kg7 50.Qe7+ Kh6 51.Nd8 Qd7
52.Qf6  1-0

[Event "Bundesliga Playoff 2004-5"]
[Site "Bremen GER"]
[Date "2005.05.08"]
[Round "3"]
[White "Sokolov,I"]
[Black "Pelletier,Y"]
[Result "1-0"]
[WhiteElo "2662"]
[BlackElo "2610"]

1.d4 d5 2.c4 c6 3.Nf3 Nf6 4.Nc3 e6 5.Bg5 Nbd7 6.cxd5 exd5 7.e3 Be7 8.Bd3 Ne4
9.Bf4 Ndf6 10.Qc2 Bf5 11.Ne5 g6 12.O-O Nd6 13.b4 Rc8 14.b5 c5 15.dxc5 Rxc5
16.Bxf5 Nxf5 17.Qb3 O-O 18.Na4 Rc8 19.b6 a6 20.Rad1 Bd6 21.Nc3 Ne7 22.Bg3 Bxe5
23.Bxe5 Rc6 24.e4 Rxb6 25.Qa3 Qd7 26.Bxf6 Rxf6 27.exd5 Rf5 28.d6 Nc8 29.Ne4 Rd8
30.Qc3 Qc6 31.Qd4 Qb5 32.d7 Ne7 33.Nd6  1-0

[Event "TCh-BIH Prem"]
[Site "Neum BIH"]
[Date "2005.06.05"]
[Round "2"]
[White "Sokolov,I"]
[Black "Perunovic,Mil"]
[Result "1-0"]
[WhiteElo "2662"]
[BlackElo "2549"]

1.d4 Nf6 2.c4 e6 3.Nf3 d5 4.Nc3 dxc4 5.e4 Bb4 6.Bg5 c5 7.e5 h6 8.exf6 hxg5
9.fxg7 Rg8 10.Qc2 Nd7 11.dxc5 Qf6 12.Bxc4 Bxc3+ 13.bxc3 Nxc5 14.O-O Bd7 15.Qe2 Rxg7
16.Ne5 Ke7 17.Rad1 Be8 18.Rd4 Rc8 19.f4 Kf8 20.Ng4 Qe7 21.fxg5 Qxg5 22.Nf6 Bc6
23.Rg4 Qh6 24.Qe5  1-0

[Event "TCh-BIH Prem"]
[Site "Neum BIH"]
[Date "2005.06.07"]
[Round "4"]
[White "Sokolov,I"]
[Black "Palac,M"]
[Result "1/2-1/2"]
[WhiteElo "2662"]
[BlackElo "2574"]

1.d4 d5 2.c4 c6 3.Nc3 Nf6 4.e3 e6 5.b3 Bb4 6.Bb2 Ne4 7.Qc2 e5 8.cxd5 Bf5
9.Bd3 exd4 10.Bxe4 dxc3 11.Bc1 Bxe4 12.Qxe4+ Qe7 13.Qxe7+ Bxe7 14.Ne2 Bf6
15.Ba3 cxd5 16.Nf4 d4 17.exd4 Nc6 18.d5 c2 19.Rc1 Nd4 20.Kd2 O-O-O 21.Kd3 Be5  1/2-1/2

[Event "TCh-NED 2005-6"]
[Site "Netherlands NED"]
[Date "2005.11.26"]
[Round "4"]
[White "Sokolov,Iv"]
[Black "Solleveld,Maa"]
[Result "1-0"]
[WhiteElo "2696"]
[BlackElo "2463"]

1.d4 Nf6 2.c4 g6 3.Nc3 Bg7 4.e4 d6 5.Bd3 O-O 6.Nge2 Nc6 7.O-O Nh5 8.Bc2 e5
9.d5 Ne7 10.a4 a5 11.Ra3 Bg4 12.Qe1 Kh8 13.Rb3 b6 14.Nb5 Bd7 15.Bg5 Bf6 16.Bd2 Bg7
17.Ra3 Ng8 18.Qc1 f5 19.exf5 Bxf5 20.Bxf5 gxf5 21.f4 Qd7 22.Qc2 Ne7 23.Rh3 Nf6
24.Ng3 e4 25.Nd4 Nfxd5 26.Ndxf5 Nxf5 27.cxd5 Rae8 28.Nxe4 Nd4 29.Rxh7+ Kg8
30.Rxg7+ Qxg7 31.Qd3 Qg6 32.Re1 Nf5 33.Bc3 Re7 34.Re2 Rff7 35.Qh3 Ng7 36.Nf6+ Rxf6
37.Rxe7 Rf7 38.Re8+ Nxe8 39.Qh8+  1-0

[Event "XXII Open"]
[Site "Reykjavik ISL"]
[Date "2006.03.08"]
[Round "3"]
[White "Mamedjarova,T"]
[Black "Sokolov,Iv"]
[Result "0-1"]
[WhiteElo "2308"]
[BlackElo "2689"]

1.d4 d5 2.c4 c6 3.cxd5 cxd5 4.Nc3 Nf6 5.Bf4 Nc6 6.e3 Bg4 7.Nf3 a6 8.h3 Bxf3
9.Qxf3 Qb6 10.Rb1 e6 11.Be2 Be7 12.O-O O-O 13.Qg3 Rfc8 14.Rfc1 Qd8 15.Bg5 b5
16.Bxf6 Bxf6 17.a3 Na5 18.f4 Rc6 19.f5 exf5 20.Rf1 Bh4 21.Qf3 g6 22.Nxd5 Rd6
23.Nb4 Nb3 24.Rbd1 Rc8 25.d5 Qg5 26.Kh2 Re8 27.Nc2 Qf6 28.Nd4 Qe5+ 29.g3 Nxd4
30.Rxd4 Bg5 31.Rd3 Bxe3  0-1

[Event "XXII Open"]
[Site "Reykjavik ISL"]
[Date "2006.03.12"]
[Round "7"]
[White "Sokolov,Iv"]
[Black "Tissir,M"]
[Result "1-0"]
[WhiteElo "2689"]
[BlackElo "2444"]

1.d4 e6 2.c4 c5 3.d5 exd5 4.cxd5 d6 5.Nc3 Ne7 6.e4 Ng6 7.Bd3 Be7 8.Nge2 O-O
9.O-O f5 10.f4 Na6 11.Ng3 fxe4 12.Bxe4 Nh4 13.f5 Bf6 14.Kh1 Bd7 15.Qg4 Ng6
16.Nh5 Kh8 17.Bd2 Nc7 18.Qe2 Ne5 19.Nf4 b5 20.Ne6 Nxe6 21.fxe6 b4 22.Nd1 Qe7
23.Bf4 g6 24.Ne3 Bg7 25.Rf2 Qh4 26.Raf1 Qe7 27.g3  1-0

[Event "XXII Open"]
[Site "Reykjavik ISL"]
[Date "2006.03.14"]
[Round "9"]
[White "Sokolov,Iv"]
[Black "Tregubov,P"]
[Result "1-0"]
[WhiteElo "2689"]
[BlackElo "2556"]

1.d4 d5 2.c4 e6 3.Nc3 c6 4.e3 Nf6 5.Qc2 c5 6.cxd5 exd5 7.Bb5+ Bd7 8.Bxd7+ Nbxd7
9.Nf3 Be7 10.dxc5 Nxc5 11.O-O O-O 12.Rd1 Rc8 13.Bd2 Qb6 14.Be1 Rfd8 15.Rac1 Nce4
16.Qe2 Nxc3 17.Bxc3 Ne4 18.Bd4 Qa5 19.a3 Qa4 20.h3 h6 21.Nd2 Ng5 22.Qg4 Ne6
23.Nf3 Rc2 24.Be5 Qxg4 25.hxg4 Rc4 26.Nd4 Nxd4 27.Bxd4 b6 28.Rc3 Rxc3 29.Bxc3 f6
30.f4 Kf7 31.Kf2 Bc5 32.Kf3 Re8 33.Rd3 b5 34.f5 Rd8 35.Ba5 Rd7 36.Rc3 Bd6
37.Rc8 Be5 38.Bb4 g6 39.Bc3 gxf5 40.gxf5 Bxc3 41.Rxc3 Ke7 42.Rc5 a6 43.Rc6 d4
44.Re6+ Kf7 45.exd4 Rxd4 46.Rxa6 Rd3+ 47.Kg4 Rd2 48.Ra7+ Ke8 49.g3 Rxb2 50.Kh5 Rh2+
51.Kg6 Rg2 52.Kxf6 Rxg3 53.a4 bxa4 54.Rxa4 h5 55.Ra8+ Kd7 56.Rh8 Rh3 57.Kf7 h4
58.f6 Rh1 59.Kg7 Rg1+ 60.Kf8 Rg4 61.f7 Kd8 62.Rg8  1-0

[Event "TCh-FRA Top 16 Gp B"]
[Site "Gonfreville FRA"]
[Date "2006.03.31"]
[Round "5"]
[White "Taddei,B"]
[Black "Sokolov,Iv"]
[Result "0-1"]
[WhiteElo "2266"]
[BlackElo "2689"]

1.e4 e5 2.f4 exf4 3.Nf3 Be7 4.Bc4 Bh4+ 5.Kf1 d6 6.d4 Bg4 7.Bxf4 Qf6 8.Be3 Ne7
9.Nd2 h6 10.c3 Nd7 11.Qb3 Bg5 12.Re1 O-O-O 13.Kf2 Nb6 14.Bd3 Qg6 15.a4 a6
16.Rhf1 Ned5 17.Nxg5 hxg5 18.h3 Bxh3 19.a5 Bxg2 20.exd5 Qxd3 21.Kxg2 Rde8
22.Rf3 g4 23.Rg3 Qh7 24.Nf1 Nxd5 25.Rxg4 Qh3+ 26.Kf2 Nxe3 27.Rg3 Ng4+  0-1

[Event "XXI Rapid Open"]
[Site "Villarrobledo ESP"]
[Date "2006.08.06"]
[Round "8"]
[White "Perez,Lu"]
[Black "Sokolov,Iv"]
[Result "1/2-1/2"]
[WhiteElo "2414"]
[BlackElo "2652"]

1.e4 e5 2.Nf3 Nc6 3.Bb5 a6 4.Ba4 Nf6 5.d4 exd4 6.O-O Be7 7.Re1 b5 8.Bb3 d6
9.Bd5 Nxd5 10.exd5 Ne5 11.Nxd4 O-O 12.a4 b4 13.f4 Ng6 14.Nc6 Qd7 15.Nxb4 Bh4
16.g3 Bf6 17.Nc3 a5 18.Nc6 Bxc3 19.bxc3 Bb7 20.Qf3 Bxc6 21.dxc6 Qf5 22.Qe4 Qxe4
23.Rxe4 Rfe8 24.Rxe8+ Rxe8 25.Kf2 Ne7 26.Rb1 Nxc6 27.Rb7 Rc8 28.Bd2 Kf8 29.c4 Ke7
30.Bc3 g6 31.Kf3 Kd7 32.Rb5 f5 33.g4 fxg4+ 34.Kxg4 Re8 35.Kf3 Rf8 36.Ke4 Ke6
37.Bxa5 Ra8 38.Bxc7 Rxa4 39.Kd3 Ra3+ 40.c3 Kd7 41.Rb7 Nb4+ 42.Rxb4 Kxc7 43.Kd4  1/2-1/2

[Event "4th Staunton Mem"]
[Site "London/Crowthorne ENG"]
[Date "2006.08.19"]
[Round "6"]
[White "Visser,Y"]
[Black "Sokolov,Iv"]
[Result "0-1"]
[WhiteElo "2516"]
[BlackElo "2652"]

1.e4 e5 2.Bc4 Nf6 3.Nc3 Bc5 4.d3 c6 5.Nf3 d6 6.O-O Nbd7 7.a3 Bb6 8.Ba2 h6
9.Ne2 Nf8 10.Ng3 Ng6 11.d4 exd4 12.Nxd4 O-O 13.Ndf5 Bxf5 14.exf5 Ne5 15.Bf4 Re8
16.Qd2 d5 17.Rae1 Ned7 18.c4 Nc5 19.cxd5 cxd5 20.Rd1 Nce4 21.Qd3 Rc8 22.Qf3 Nxf2
23.Rxf2 Rc2 24.Nh1 Ree2 25.Bg3 Ne4 26.Rf1 Rxb2 27.Bb1 Nxf2 28.Bxf2 Bxf2+
29.Nxf2 Rxf2  0-1

[Event "TCh-NED 2006-7"]
[Site "Netherlands NED"]
[Date "2006.11.11"]
[Round "3"]
[White "Wiersma,E"]
[Black "Sokolov,Iv"]
[Result "1/2-1/2"]
[WhiteElo "2425"]
[BlackElo "2652"]

1.e4 e5 2.Nf3 Nc6 3.d4 exd4 4.Nxd4 Bb4+ 5.c3 Bc5 6.Nxc6 bxc6 7.Bd3 Ne7 8.O-O O-O
9.Nd2 d6 10.Kh1 f5 11.f4 Bb6 12.Qf3 Kh8 13.exf5 Bxf5 14.Bxf5 Nxf5 15.Nc4 Qd7
16.Bd2 Nh4 17.Qd3 Qg4 18.g3 Qh3 19.Ne3 Ng6 20.Rae1 d5 21.Ng2 Rae8 22.Rxe8 Rxe8
23.Re1 Rxe1+ 24.Nxe1 h6 25.Nf3 Ne7 26.Ne5 Nf5 27.Be1 Ne3 28.Qe2 Qf5 29.Qd3 Qxd3
30.Nxd3 c5 31.b3 Kg8 32.Bd2 c4 33.Nb2 cxb3 34.axb3 Kf7 35.Bxe3 Bxe3 36.Kg2 Ke6
37.Kf3 Bd2 38.Na4 Kd6 39.Ke2 Bc1 40.Kd3 c5 41.c4 d4 42.Ke4 Ba3 43.f5 Ke7
44.g4 Kf6 45.h4 g6 46.fxg6 Kxg6 47.Kf4 h5 48.g5 Bb4 49.Ke4 Ba3 50.Kf4 Bb4
51.Ke4  1/2-1/2

[Event "1st Ruy Lopez Open"]
[Site "Zafra ESP ESP"]
[Date "2007.03.24"]
[Round "2"]
[White "Sokolov,Iv"]
[Black "Guerrero Arroyo,P"]
[Result "1-0"]
[WhiteElo "2652"]
[BlackElo "2128"]

1.e4 e5 2.Nf3 Nc6 3.Bb5 a6 4.Ba4 Nf6 5.O-O Be7 6.Re1 O-O 7.Bxc6 dxc6 8.Nxe5 Re8
9.Nf3 Bf8 10.d3 h6 11.h3 Be6 12.Bf4 Nh5 13.Bh2 Qf6 14.Nc3 Bb4 15.Bxc7 Nf4
16.Be5 Nxh3+ 17.gxh3 Qg6+ 18.Bg3 Bxh3 19.Nh4 Qe6 20.Qf3 Bg4 21.Qg2 g5 22.Nf5 Bxf5
23.exf5 Qxe1+ 24.Rxe1 Rxe1+ 25.Kh2 Bxc3 26.bxc3 Rae8 27.Qf3 Rc1 28.f6 Ree1
29.Qf5 Rg1 30.Qc8+ Kh7 31.Qxb7 Kg6 32.Qxc6 Rce1 33.f4 Rc1 34.Qe4+ Kh5 35.fxg5 hxg5
36.Qh7+ Kg4 37.Qh3+ Kf3 38.Be1+ Ke2 39.Kxg1  1-0

[Event "1st Ruy Lopez Open"]
[Site "Zafra ESP ESP"]
[Date "2007.03.24"]
[Round "3"]
[White "Perez Candelario,Man"]
[Black "Sokolov,Iv"]
[Result "1/2-1/2"]
[WhiteElo "2515"]
[BlackElo "2652"]

1.e4 e5 2.Nf3 Nc6 3.Bb5 a6 4.Ba4 d6 5.c3 g6 6.O-O Bg7 7.d4 Bd7 8.dxe5 Nxe5
9.Nxe5 dxe5 10.Be3 Nf6 11.Nd2 O-O 12.h3 Qe7 13.Bc2 Rfd8 14.Qf3 Bc6 15.b4 a5
16.a3 b6 17.Rfd1 Rd7 18.Qe2 Nh5 19.Qc4 Bb7 20.Nf3 Nf4 21.Rxd7 Qxd7 22.Bxf4 exf4
23.Bb3 Qe7 24.Re1 axb4 25.axb4 h6 26.Nd4 Rf8 27.e5 Qg5 28.f3 Bc8 29.Qxc7 Bxh3
30.Re2 Qg3 31.e6 Bxg2 32.exf7+ Kh7 33.Rxg2 Qe1+ 34.Kh2 Qh4+  1/2-1/2

[Event "1st Ruy Lopez Open"]
[Site "Zafra ESP ESP"]
[Date "2007.03.25"]
[Round "8"]
[White "Sokolov,Iv"]
[Black "Sargissian,G"]
[Result "1/2-1/2"]
[WhiteElo "2652"]
[BlackElo "2658"]

1.e4 e5 2.Nf3 Nc6 3.Bb5 a6 4.Ba4 Nf6 5.O-O Be7 6.Re1 b5 7.Bb3 O-O 8.d3 d6
9.c3 Na5 10.Bc2 c5 11.Nbd2 Nc6 12.Nf1 Re8 13.h3 h6 14.Ng3 Be6 15.d4 cxd4
16.cxd4 exd4 17.Ne2 Nb4 18.Bb1 d3 19.Ned4 Rc8 20.Nxe6 fxe6 21.Bxd3 Nxd3 22.Qxd3 Qc7
23.e5 dxe5 24.Nxe5 Qc2 25.Qg3 Bb4 26.Bxh6 Nh5 27.Qf3 Bxe1 28.Qf7+ Kh7 29.Rxe1 Qf5
30.Bd2 Qxf7 31.Nxf7 Rc6 32.Bc3 Nf6 33.Ne5 Rc7 34.Nf3 Kg8 35.Re5 Rd7 36.Bd4 Rd5
37.Re2 e5 38.Bc3 Nd7 39.Nd2 Nc5 40.f4 e4 41.b3 e3 42.Nf3 Rd1+ 43.Kh2 Nd3
44.Be5 g5 45.g3 gxf4 46.gxf4 Nxe5 47.fxe5 Ra1 48.Kg3 a5 49.Kf4 Rf1 50.Kxe3 a4
51.bxa4 bxa4 52.Ke4 Rh1 53.h4 a3 54.Re3 Ra8 55.e6 Kf8 56.Kf5 Ke7 57.Rb3 Ra5+
58.Kg6 Kxe6 59.h5 Kd5 60.Rb6 Ke4 61.Ng5+ Kd3 62.Ne6 Kc3 63.h6 Rah5 64.Kf7 Rxh6
65.Ra6 Kd2 66.Rxa3 Rf1+ 67.Ke7 Re1 68.Ra6 Kc3 69.Kd7 Kc4 70.Rc6+ Kb4 71.Ra6 Rd1+
72.Ke7 Rd2 73.a3+ Kc3 74.Rc6+ Kb2 75.Ra6 Ka2 76.a4 Ka3 77.a5 Rh7+ 78.Kf6 Rf2+
79.Ke5 Rh6 80.Kd5 Rd2+ 81.Ke5 Re2+ 82.Kf5 Kb4 83.Rd6 Kxa5 84.Rd5+ Kb6 85.Nf4 Rf2
86.Re5 Rh8 87.Ke4 Rh4 88.Rf5 Re2+ 89.Kf3 Re8 90.Kg3  1/2-1/2

[Event "XXII Rapid"]
[Site "Villarrobledo ESP"]
[Date "2007.08.05"]
[Round "7"]
[White "Ibarra Jerez,JC"]
[Black "Sokolov,Iv NED"]
[Result "0-1"]
[WhiteElo "2475"]
[BlackElo "2666"]

1.e4 e5 2.Nf3 Nc6 3.Bb5 a6 4.Bxc6 dxc6 5.O-O Qf6 6.d4 exd4 7.Bg5 Qd6 8.Nxd4 Be7
9.Bxe7 Nxe7 10.Nc3 O-O 11.Nb3 Qxd1 12.Raxd1 b6 13.Rd2 c5 14.Rfd1 Be6 15.f4 f5
16.e5 Kf7 17.Kf2 Rg8 18.h4 h6 19.h5 g5 20.hxg6+ Rxg6 21.g3 Rag8 22.Ne2 h5
23.Rh1 Rh6 24.Ng1 Bd5 25.Rh4 c6 26.Nf3 Ng6 27.Rh2 h4 28.Nxh4 Nxh4 29.Rxh4 Rxh4
30.gxh4 Rg4 31.Ke3 Rxh4 32.c4 Rh3+ 33.Kf2 Bxc4 34.Rd7+ Ke8 35.Rd6 Rh2+ 36.Kg3 Rxb2
37.Rxc6 Rxa2 38.Rxb6 Ra3 39.Kh4 Rxb3 40.Rc6 Ke7 41.Rxc5 Be6 42.Rc6 Rf3 43.Kg5 Rg3+
44.Kh6 Rg4 45.Rxa6 Rxf4 46.Kg5 Rg4+ 47.Kh6 f4 48.Kh5 f3 49.Ra7+ Kd8 50.Ra8+ Bc8
51.e6 Rg1 52.e7+ Kxe7 53.Ra2 Kf6 54.Rf2 Rh1+  0-1

[Event "KNSB TCh-NED 2007-8"]
[Site "Netherlands NED"]
[Date "2007.09.15"]
[Round "1"]
[White "Lemmers,O"]
[Black "Sokolov,Iv NED"]
[Result "0-1"]
[WhiteElo "2390"]
[BlackElo "2666"]

1.e4 e5 2.Nc3 Nf6 3.f4 d5 4.fxe5 Nxe4 5.Nf3 Bg4 6.Qe2 Ng5 7.d4 Ne6 8.Be3 c6
9.h3 Bh5 10.g4 Bg6 11.Qf2 Bb4 12.Bg2 O-O 13.O-O Nd7 14.Nb1 f6 15.exf6 Nxf6
16.c3 Ne4 17.Qe1 Bd6 18.Nbd2 Bg3 19.Qd1 Bf4 20.Qe1 Ng3 21.Rf2 Qb6 22.b3 Qa5
23.b4 Qa3 24.Nb1 Qa6 25.Ne5 Bxe5 26.dxe5 Rxf2 27.Bxf2 Ne2+ 28.Kh2 Rf8 29.Bf1 Bd3
30.Nd2 Nxc3 31.Bg2 Ne4 32.Be3 Qa3 33.Nb3 Qb2 34.Qc1 Qxe5+ 35.Kg1 Qg3 36.Qe1 Rf1+  0-1

[Event "3rd Arctic Cup"]
[Site "Salekhard RUS"]
[Date "2007.10.10"]
[Round "3"]
[White "Sokolov,Iv RUS"]
[Black "Mamedov,Elm"]
[Result "1-0"]
[WhiteElo "1902"]
[BlackElo "1850"]

1.d4 Nf6 2.Nf3 g6 3.c4 c5 4.d5 d6 5.Nc3 Bg7 6.e4 O-O 7.Be2 Bg4 8.O-O e6 9.h3 Bxf3
10.Bxf3 exd5 11.Nxd5 Nxd5 12.Qxd5 Nc6 13.Rd1 Nd4 14.Qxb7 Qf6 15.Rd3 Rfe8
16.Qd7 Re6 17.e5 Qxe5 18.Bxa8 Qe1+ 19.Kh2 Ne2 20.Bh6 Be5+ 21.g3 Qxf2+ 22.Kh1 Nxg3+
23.Rxg3 Bxg3 24.Qd8+  1-0

[Event "3rd Arctic Cup"]
[Site "Salekhard RUS"]
[Date "2007.10.11"]
[Round "4"]
[White "Sosovicka,M"]
[Black "Sokolov,Iv RUS"]
[Result "0-1"]
[WhiteElo "1899"]
[BlackElo "1902"]

1.e4 e5 2.Nf3 Nc6 3.Bc4 Bc5 4.c3 Nf6 5.d4 exd4 6.e5 d5 7.Bb5 Nd7 8.cxd4 Bb4+
9.Bd2 Bxd2+ 10.Nbxd2 O-O 11.Bxc6 bxc6 12.Rc1 c5 13.Qb3 Rb8 14.Qxd5 Bb7 15.Qc4 cxd4
16.Qxc7 Rc8 17.Qxd8 Rxc1+ 18.Ke2 Ba6+  0-1

[Event "3rd Arctic Cup"]
[Site "Salekhard RUS"]
[Date "2007.10.12"]
[Round "5"]
[White "Sokolov,Iv RUS"]
[Black "Sanzhaev,D"]
[Result "0-1"]
[WhiteElo "1902"]
[BlackElo "2015"]

1.d4 Nf6 2.Nf3 e6 3.c4 b6 4.g3 Ba6 5.Qa4 Bb7 6.Bg2 c5 7.O-O cxd4 8.Nxd4 Bxg2
9.Kxg2 Bc5 10.Rd1 Qc8 11.Nc3 O-O 12.Bg5 Qb7+ 13.f3 Ng4 14.h3 Ne5 15.Ne4 f6
16.Bf4 Be7 17.Rac1 Rc8 18.Nb5 Nf7 19.Nbd6 Bxd6 20.Nxd6 Nxd6 21.Bxd6 Nc6 22.Rd2 Rd8
23.Rcd1 Rac8 24.Be7 Nxe7 25.Rxd7 Rxd7 26.Rxd7 Qc6 27.Qxa7 Qxc4 28.Kf2 Qc5+
29.Kf1 Kf7 30.Qb7 Re8 31.Rc7 Qf5 32.Qxb6 Qxh3+ 33.Kf2 Qh2+ 34.Kf1 Qxg3 35.a4 h5
36.Qb5 Qxc7  0-1

[Event "3rd Arctic Cup"]
[Site "Salekhard RUS"]
[Date "2007.10.17"]
[Round "10"]
[White "Langner,J"]
[Black "Sokolov,Iv RUS"]
[Result "0-1"]
[WhiteElo "1813"]
[BlackElo "1902"]

1.e4 e5 2.Bc4 Nc6 3.Nf3 Bc5 4.c3 Nf6 5.d3 d6 6.b4 Bb6 7.a4 a6 8.O-O O-O 9.Re1 Be6
10.Nbd2 Qe7 11.Bb3 Bxb3 12.Qxb3 Qe6 13.Qd1 Ng4 14.Re2 f5 15.h3 Nh6 16.Ng5 Qg6
17.Nc4 Ba7 18.Qb3 Kh8 19.b5 axb5 20.Qxb5 Rab8 21.Qd5 Rf6 22.a5 Qh5 23.Raa2 Bc5
24.Ne6 Ne7 25.Nxg7 Kxg7  0-1

[Event "KNSB TCh-NED 2007-8"]
[Site "Netherlands NED"]
[Date "2008.03.08"]
[Round "7"]
[White "Sokolov,Iv NED"]
[Black "Bakker,S"]
[Result "1-0"]
[WhiteElo "2686"]
[BlackElo "2267"]

1.d4 Nf6 2.c4 e6 3.Nc3 Bb4 4.e3 c5 5.a3 Bxc3+ 6.bxc3 d6 7.Bd3 Nc6 8.Ne2 e5
9.O-O O-O 10.e4 cxd4 11.cxd4 exd4 12.Bf4 Re8 13.f3 Be6 14.Rb1 b6 15.Qd2 Rc8
16.Rfc1 Ne5 17.Nxd4 Bxc4 18.Bc2 a6 19.Nf5 Re6 20.Rd1 d5 21.Bxe5 Rxe5 22.Qg5 Rxf5
23.Qxf5 g6 24.Qe5 Rc6 25.Bb3 Re6 26.Qd4 Bxb3 27.Rxb3 Qe7 28.Rxb6 Rxb6 29.Qxb6 dxe4
30.Qd8+  1-0

[Event "III President's Cup"]
[Site "Baku AZE"]
[Date "2008.05.12"]
[Round "1"]
[White "Allahverdiev,E"]
[Black "Sokolov,Iv NED"]
[Result "0-1"]
[WhiteElo "2135"]
[BlackElo "2690"]

1.c4 e5 2.Nc3 Bb4 3.g3 Nf6 4.Bg2 O-O 5.Nf3 Re8 6.O-O e4 7.Nd4 Nc6 8.Nc2 Bxc3
9.dxc3 h6 10.Ne3 d6 11.Qc2 Bd7 12.b3 Re5 13.Nd5 Bf5 14.Bf4 Re6 15.Rad1 Nd7
16.Be3 a5 17.a4 Rc8 18.b4 b6 19.f3 Qe8 20.f4 h5 21.Rb1 f6 22.Kf2 Nd8 23.Kg1 h4
24.Bf2 h3 25.Bh1 Nf7 26.Ne3 Nh6 27.Rfd1 Bh7 28.Qa2 Kh8 29.Rd5 c6 30.Rd2 f5
31.bxa5 bxa5 32.Rdb2 Nc5 33.Rb6 Qd8 34.Nc2 Re7 35.Bd4 Ng4 36.Qa3 Nd7 37.Rb7 c5
38.Bf2 Bg8 39.Qb3 Ndf6 40.Na3 d5 41.Rd1 Nxf2 42.Kxf2 dxc4 43.Rxd8 cxb3 44.Rxe7 Rxd8
45.Ra7 Rd1 46.Rxa5 Ng4+  0-1

[Event "III President's Cup"]
[Site "Baku AZE"]
[Date "2008.05.14"]
[Round "3"]
[White "Gasanov,E"]
[Black "Sokolov,Iv NED"]
[Result "1/2-1/2"]
[WhiteElo "2531"]
[BlackElo "2690"]

1.c4 Nf6 2.d4 c6 3.Bf4 g6 4.Nc3 Bg7 5.Nf3 O-O 6.e3 a6 7.Bd3 d6 8.h3 b5 9.O-O Nbd7
10.Qc2 Bb7 11.e4 b4 12.Na4 c5 13.dxc5 dxc5 14.e5 Nh5 15.Be4 Nxf4 16.Bxb7 Ra7
17.Qe4 Bh6 18.Bc6 Nb8 19.Nh2 Qc7 20.Ng4 Bg7 21.Bd5 Nxd5 22.cxd5 h5 23.Ne3 Bxe5
24.Nxc5 Bxb2 25.Rab1 Bc3 26.Na4 Rc8 27.Rfc1 Qd8 28.Nxc3 bxc3 29.Rb3 Rac7
30.Qd3 c2 31.Rxc2 Rxc2 32.Nxc2 Nd7 33.Rc3 Rxc3 34.Qxc3 Nf6 35.Ne3 Qb6 36.Qd3 Kg7
37.g3 a5 38.Kg2 a4 39.Qa3 Qd4 40.Qxe7 Nxd5 41.Nf5+ gxf5 42.Qg5+  1/2-1/2

[Event "III President's Cup"]
[Site "Baku AZE"]
[Date "2008.05.18"]
[Round "7"]
[White "Mammadov,A"]
[Black "Sokolov,Iv NED"]
[Result "0-1"]
[WhiteElo "2333"]
[BlackElo "2690"]

1.e4 e5 2.Nf3 Nc6 3.Bc4 Bc5 4.c3 Nf6 5.d3 d6 6.Bb3 h6 7.h3 Bb6 8.Nbd2 Ne7
9.Nf1 g5 10.g4 Ng6 11.Ng3 Nf4 12.Bxf4 gxf4 13.Nf5 Bxf5 14.gxf5 Qe7 15.Qe2 a5
16.a3 c6 17.O-O-O O-O-O 18.Rhg1 Rhe8 19.Rde1 d5 20.Rg2 Qf8 21.Rd1 Kb8 22.Rgg1 Qc5
23.Rg2 Qb5 24.Ba2 dxe4 25.Bc4 exf3  0-1

[Event "III President's Cup"]
[Site "Baku AZE"]
[Date "2008.05.20"]
[Round "9"]
[White "Kazhgaleyev,M"]
[Black "Sokolov,Iv NED"]
[Result "1/2-1/2"]
[WhiteElo "2617"]
[BlackElo "2690"]

1.d4 d5 2.c4 c6 3.Nf3 Nf6 4.e3 Bg4 5.h3 Bxf3 6.Qxf3 e6 7.Nc3 Nbd7 8.Bd2 Bb4
9.Bd3 O-O 10.a3 Ba5 11.b4 dxc4 12.Bxc4 Bc7 13.Bb3 Re8 14.O-O e5 15.Rfd1 e4
16.Qe2 Nb6 17.b5 Qd6 18.g3 h5 19.bxc6 bxc6 20.h4 Rab8 21.Na4 Nbd5 22.Nc5 Ng4
23.Rab1 Rb6 24.Ba4 f5 25.Rxb6 axb6 26.Na6 Ra8 27.Bb3 Nxf2 28.Qxf2 Rxa6 29.Qxf5 Rxa3
30.Bxd5+ cxd5 31.Bb4 Qxg3+ 32.Kf1 Rxe3  1/2-1/2

[Event "TCh-BIH"]
[Site "Neum BIH"]
[Date "2008.06.06"]
[Round "3"]
[White "Kurajica,B"]
[Black "Sokolov,Iv NED"]
[Result "0-1"]
[WhiteElo "2533"]
[BlackElo "2690"]

1.d4 d5 2.c4 c6 3.e3 Nf6 4.Bd3 Bg4 5.Qb3 Qb6 6.Qc2 dxc4 7.Bxc4 Nbd7 8.Be2 e5
9.Bxg4 Nxg4 10.Nf3 Bb4+ 11.Bd2 Qa5 12.Qf5 Nh6 13.Qh5 O-O 14.O-O Rfc8 15.a3 Bxd2
16.Nbxd2 Qc7 17.Nc4 e4 18.Nfe5 Nf6 19.Qh3 Re8 20.b4 Nd5 21.Ng4 Re6 22.Rac1 Qe7
23.Nxh6+ Rxh6 24.Qf5 a6 25.Ne5 Re6 26.Qh3 Rh6 27.Qd7 Re6 28.Qxe7 Rxe7 29.Rc2 f6
30.Nc4 g5 31.Rb1 h5 32.a4 Rc7  0-1

[Event "TCh-BIH"]
[Site "Neum BIH"]
[Date "2008.06.11"]
[Round "8"]
[White "Sokolov,Iv NED"]
[Black "Balogh,C"]
[Result "1/2-1/2"]
[WhiteElo "2690"]
[BlackElo "2559"]

1.d4 d5 2.c4 c6 3.Nc3 Nf6 4.Nf3 dxc4 5.a4 e6 6.e3 c5 7.Bxc4 Nc6 8.O-O Be7
9.dxc5 Qxd1 10.Rxd1 Bxc5 11.h3 Bb4 12.Na2 Be7 13.Bd2 Ne4 14.Bf1 Bf6 15.Rab1 Bd7
16.b4 Ne5 17.Nxe5 Bxe5 18.Bd3 Nf6 19.b5 Rc8 20.Bb4 Nd5 21.Ba3 Nb6 22.Be4 Rc4
23.Rb4 Rxb4 24.Nxb4 Nxa4 25.Bxb7 Nc3 26.Rd3 Nxb5 27.Nc6 Bc7 28.Bc5 f6 29.Nxa7 Nxa7
30.Bxa7 e5 31.Bc5 Be6 32.Ba3 Kf7 33.Be4 Bb8 34.Rc3  1/2-1/2

[Event "17th CRO-chT 1a"]
[Site "Sibenik CRO"]
[Date "2008.09.28"]
[Round "2"]
[White "Kozul,Z"]
[Black "Sokolov,Iv NED"]
[Result "1/2-1/2"]
[WhiteElo "2579"]
[BlackElo "2658"]

1.d4 d5 2.c4 c6 3.Nc3 Nf6 4.e3 a6 5.Nf3 b5 6.c5 g6 7.Bd3 Bg7 8.Qc2 O-O 9.O-O Nbd7
10.e4 b4 11.Na4 dxe4 12.Bxe4 Nxe4 13.Qxe4 Nf6 14.Qh4 Nd5 15.Re1 f6 16.Nd2 Bf5
17.Qg3 Bc2 18.b3 e5 19.dxe5 fxe5 20.Nc4 e4 21.Bg5 Qe8 22.Rac1 Bd3 23.Nd6 Qe5
24.Qxe5 Bxe5 25.Nxe4 Rf5 26.Bh4 Rf4 27.Bg3 Bxe4 28.f3 Bd4+ 29.Kh1 Rxf3 30.Rxe4 Rd3
31.Nb6 Rd8 32.Bh4 Rf8 33.Nxd5 cxd5 34.Ree1 Be3 35.Rcd1 Rxd1 36.Rxd1 Bxc5
37.g4 d4 38.Kg2 Rf4 39.h3 Re4 40.Re1 Rxe1 41.Bxe1 Kf7 42.Kf3 Ke6 43.Ke4 h5
44.Bd2 hxg4 45.hxg4 d3 46.Kxd3 Kd5 47.Be1  1/2-1/2

[Event "17th CRO-chT 1a"]
[Site "Sibenik CRO"]
[Date "2008.09.30"]
[Round "4"]
[White "Brkic,A"]
[Black "Sokolov,Iv NED"]
[Result "1-0"]
[WhiteElo "2530"]
[BlackElo "2658"]

1.e4 e5 2.Nf3 Nc6 3.Bb5 a6 4.Ba4 Nf6 5.Qe2 b5 6.Bb3 Bc5 7.c3 d6 8.d3 Bb6
9.Bg5 h6 10.Bh4 Na5 11.Bc2 c5 12.Nbd2 Be6 13.Nf1 g5 14.Bg3 c4 15.d4 exd4
16.Nxd4 Bxd4 17.cxd4 d5 18.Be5 O-O 19.h4 Nxe4 20.Bxe4 dxe4 21.hxg5 Qxg5 22.Ng3 Bg4
23.Nxe4 Bxe2 24.Nxg5 f6 25.Rxh6 Bd3 26.Bxf6  1-0

[Event "TCh-NED 2008-9"]
[Site "Netherlands NED"]
[Date "2008.12.13"]
[Round "4"]
[White "Sokolov,Iv NED"]
[Black "Pliester,L"]
[Result "1-0"]
[WhiteElo "2658"]
[BlackElo "2383"]

1.d4 d5 2.c4 e6 3.Nf3 c5 4.cxd5 exd5 5.g3 Nf6 6.Bg2 Be7 7.O-O O-O 8.Nc3 Nc6
9.Bg5 c4 10.Ne5 Be6 11.f4 Ng4 12.Nxg4 Bxg4 13.Bxd5 Bxg5 14.fxg5 Qxg5 15.Rf4 Be6
16.Bg2 Rad8 17.Kh1 Ne5 18.d5 Bg4 19.Qd4 Qh5 20.Qxa7 Rd6 21.Qd4 Re8 22.Raf1 Rh6
23.h4 Bd7  1-0

[Event "World Open"]
[Site "Leon ESP"]
[Date "2008.12.27"]
[Round "4"]
[White "Sokolov,Iv NED"]
[Black "Strikovic,A"]
[Result "1-0"]
[WhiteElo "2650"]
[BlackElo "2533"]

1.d4 d6 2.c4 e5 3.d5 a5 4.Nc3 Na6 5.e4 g6 6.Be2 Nf6 7.h4 h5 8.Nf3 Be7 9.g3 Bd7
10.Be3 Ng4 11.Bd2 c6 12.Ng5 Qb6 13.O-O Nc5 14.Kg2 f6 15.Nh3 f5 16.Ng5 O-O
17.f3 Nf6 18.Qc2 cxd5 19.exd5 Nh7 20.Be3 Nxg5 21.hxg5 Rfc8 22.b3 Qd8 23.f4 Bf8
24.Qd2 Bg7 25.Rae1 Qb6 26.Bf3 Qb4 27.fxe5 dxe5 28.Rc1 a4 29.d6 e4 30.Nxe4 Qxd2+
31.Nxd2 axb3 32.axb3 Ra2 33.b4 Nd3 34.Bxb7  1-0

[Event "World Open"]
[Site "Leon ESP"]
[Date "2008.12.27"]
[Round "6"]
[White "Sokolov,Iv NED"]
[Black "Malakhatko,V"]
[Result "1/2-1/2"]
[WhiteElo "2650"]
[BlackElo "2633"]

1.d4 d5 2.c4 c6 3.Nc3 Nf6 4.Nf3 dxc4 5.a4 e6 6.e3 c5 7.Bxc4 Nc6 8.O-O Be7
9.Qe2 cxd4 10.Nxd4 Bd7 11.Rd1 Nxd4 12.exd4 Bc6 13.d5 exd5 14.Nxd5 Nxd5 15.Bxd5 Bxd5
16.Qb5+ Qd7 17.Rxd5 Qxb5 18.Rxb5 O-O-O 19.Be3 Kb8 20.Re1 Bd6 21.g4 f6 22.Kg2 Be5  1/2-1/2

[Event "7th Gibtelecom Masters"]
[Site "Caleta ENG"]
[Date "2009.01.29"]
[Round "3"]
[White "Karim,I"]
[Black "Sokolov,Iv NED"]
[Result "0-1"]
[WhiteElo "2407"]
[BlackElo "2657"]

1.e4 e5 2.Nf3 Nc6 3.Bb5 a6 4.Ba4 Nf6 5.O-O Nxe4 6.Re1 Nc5 7.Nc3 d6 8.Bxc6+ bxc6
9.d4 Ne6 10.dxe5 d5 11.Nd4 c5 12.Nf5 Bb7 13.a3 h5 14.h3 h4 15.Qf3 Rb8 16.Rd1 d4
17.Ne4 Qd5 18.Re1 Qc4 19.Qg4 Qxc2 20.Ng5 Bd5 21.Nxh4 Be7 22.Nf5 Bxg5 23.Bxg5 Rxb2
24.Rf1 Qe4 25.Nxg7+ Kd7 26.Nxe6 fxe6 27.Qxe4 Bxe4 28.Rac1 Bd3  0-1